Statistics for Fast Typing - Epl Players

Click here to take the quiz!

General Stats

  • This quiz has been taken 117 times
  • The average score is 7 of 15

Answer Stats

HintAnswer% Correct
Eden HazardEden Hazard
90%
Granit XhakaGranit Xhaka
89%
Harry KaneHarry Kane
85%
Sergio AgueroSergio Aguero
79%
Glenn MurrayGlenn Murray
60%
Sadio ManeSadio Mane
58%
Joe HartJoe Hart
54%
Raheem SterlingRaheem Sterling
54%
Ryan FraserRyan Fraser
44%
Marko ArnautovicMarko Arnautovic
22%
Jose HolebasJose Holebas
19%
Paul PogbaPaul Pogba
19%
Cesc FabregasCesc Fabregas
11%
Martin DubravakaMartin Dubravaka
6%
Wayne HennesseyWayne Hennessey
6%

Score Distribution

Percentile by Number Answered

Percent of People with Each Score

Your Score History

You have not taken this quiz